Final Jeopardy! Celebrity Invitational Quiz Stats

 Plays Quiz not verified by Sporcle

Challenge
Share
Tweet
Embed
Score 0/14 Timer 07:00
0 Plays Today
Clue Correct Response % Correct
Ironically, he lost the leading role in the 1960 play 'The Best Man' because he didn't look presidentialRonald Reagan
86.5%
Chocolate Avenue & Cocoa Avenue are 2 of the main thoroughfares in this town that was established in 1903Hershey, Pennsylvania
80.8%
Created in 1950, he finally hit a home run on March 30, 1993Charlie Brown
71.3%
In 1953 it became the only state whose official song was written for a Broadway musicalOklahoma
67.9%
A contemporary review of this 1851 novel said, 'Who would have looked for... poetry in blubber?'Moby Dick
56%
When he passed away in December 1980, flags in Kentucky flew at half-staff for 4 daysHarland Sanders
54.6%
It was inspired by a piece of Australian physical education equipment & 100 million were sold worldwide in 1958hula hoop
46.9%
Clue Correct Response % Correct
The title of this Beatles song is a Yoruba phrase that means 'life goes on'Ob la di, Ob la da
44.2%
In 1890 he witnessed a mild cyclone in Aberdeen, South Dakota, fodder for his most famous novelL. Frank Baum
40.4%
During the making of this classic, sets from 'King Kong' & 'The Garden of Allah' were intentionally burned downGone With the Wind
37.9%
His work of the 1930s & '40s is so associated with sentimentality that his name is often combined with 'corn'Frank Capra
28.3%
In 1949 this kingdom dropped the word 'Trans' from the beginning of its nameJordan
27.5%
In 1970 he became the first professional actor to be named a lordLaurence Olivier
27.1%
Trees with biblical names include the Joshua tree & the world's oldest tree, a 4,700-year-old pine named for himMethuselah
23.1%

You're not logged in!

Compare scores with friends on all Sporcle quizzes.
OR
Log In

You Might Also Like...

Show Comments

Extras

Top Quizzes Today


Score Distribution

Your Account Isn't Verified!

In order to create a playlist on Sporcle, you need to verify the email address you used during registration. Go to your Sporcle Settings to finish the process.

Report this User

Report this user for behavior that violates our Community Guidelines.

Details: